000 00569nam a22001817a 4500
005 20251108173100.0
008 250721s2001 xx 000 0 ara d
082 1 4 _a956/ مسل
100 1 _aمسلماني، مالك
245 1 0 _aميلاد الدولة الإسلامية /
264 1 _aاللاذقية :
_bدار الحوار للنشر و التوزيع،
_c2001.
300 _a227ص.
650 1 7 _aالتاريخ الإسلامي
650 1 7 _aالفتوحات الإسلامية
650 1 7 _aحروب الردة
942 _2ddc
_cBK
999 _c95627
_d95627